Statistics for All Lyrics to Honey Honey by ABBA

Click here to take the quiz!

General Stats

  • This quiz has been taken 370 times
  • The average score is 162 of 241

Answer Stats

Answer% Correct
Honey
100%
honey.
100%
honey
100%
me
97%
me.
97%
a
96%
you
96%
You
96%
I
95%
how
94%
thrill
89%
be.
86%
to
85%
when
84%
love
82%
know
81%
make
80%
the
80%
The
80%
your
80%
So
78%
a-ha
77%
no
77%
oh
77%
Oh,
77%
do
76%
kill
76%
machine
76%
machine.
76%
and
73%
dizzy.
73%
before,
72%
nearly
71%
what
71%
now
70%
more
69%
some
69%
you're
69%
heard
68%
about
67%
it
66%
wanted
66%
mean,
64%
that
63%
they
59%
way
59%
kiss
58%
don't
57%
feel
57%
baby
55%
baby,
55%
hold
55%
like
54%
thing.
53%
who
50%
tight,
49%
let
48%
goodnight,
47%
are
43%
I'd
43%
on
43%
wanna
43%
touch
42%
see
39%
but
37%
But
37%
conceal
37%
just
37%
look
35%
in
34%
movie
34%
star
34%
beast.
32%
say
32%
I'm
31%
too
31%
this
30%
get
28%
of
28%
not
27%
where
27%
sing
26%
girl,
25%
hurt
25%
least,
24%
never
24%
stay
24%
cry.
23%
ground
22%
high.
22%
would
22%
better
21%
boy,
21%
other
20%
place
20%
rather
20%
There's
20%
gonna
19%
world
19%
you'll
18%
rid
16%
stick
16%
doggone
13%

Score Distribution

Percentile by Number Answered

Percent of People with Each Score

Your Score History

You have not taken this quiz